| 000 | 01020cam a2200289 i 4500 | ||
|---|---|---|---|
| 001 | 26750 | ||
| 003 | Mx-PuUPA | ||
| 005 | 20250120144352.0 | ||
| 008 | 140415s2021 sp d gr 000 0 spa d | ||
| 020 | _a9788491138488 | ||
| 040 |
_aMx-PuUPA _cMx-PuUPA _bspa _dMx-PuUPA _erda |
||
| 041 | 1 |
_aspa _heng |
|
| 100 | 1 |
_aPolgarStephen, _d1946- _eautor _916650 |
|
| 245 | 1 | 0 |
_aIntroducción a la investigación en ciencias de la salud / _cStephen Polgar, Shane Thomas |
| 250 | _aSéptima edición | ||
| 264 | 1 |
_aBarcelona, España : _bElsevier España, _c2021 |
|
| 300 |
_avi, 214 páginas : _bgráficas ; _c24 cm |
||
| 336 |
_2rdacontent _atexto _btxt |
||
| 337 |
_2rdamedia _asin medio _bn |
||
| 338 |
_2rdacarrier _avolumen _bnc |
||
| 650 | 7 |
_2armarc _aMedicina _xInvestigación _xMetodología |
|
| 700 | 1 |
_aThomas, Shane, _eautor |
|
| 942 |
_2ddc _cLI _h610.72 _iP76 |
||
| 999 |
_c26750 _d26750 |
||